| LEADER | 00906nam a2200193 4500 | ||
|---|---|---|---|
| 999 | |c 5699 |d 5699 | ||
| 082 | |a 428.3 |b CL311T | ||
| 100 | |a Clintock, John M.C | ||
| 242 | |a Luyện nghe tiếng Anh | ||
| 245 | |a Listen up! |c John M.C Clintock, Borje Stern; Hồ Văn Hiệp dịch thuật | ||
| 260 | |a Thanh Hóa |b Nxb Thanh Hóa |c 1995 | ||
| 300 | |a 95 tr. |c 21 cm | ||
| 520 | |a v...v | ||
| 653 | |a Ngôn ngữ | ||
| 653 | |a Tiếng Anh | ||
| 653 | |a Nghe hiểu | ||
| 942 | |2 ddc |c STK0 | ||
| 952 | |0 0 |1 0 |2 ddc |4 0 |6 428_300000000000000_CL311T |7 0 |8 400 |9 52273 |a qbu |b qbu |c D4 |d 2014-12-27 |g 20000 |o 428.3 CL311T |p 2503.c1 |w 2014-12-27 |y STK0 |0 0 |6 428_300000000000000_CL311T |0 0 |6 428_300000000000000_CL311T | ||
| 952 | |0 0 |1 0 |2 ddc |4 0 |6 428_300000000000000_CL311T |7 0 |8 400 |9 52274 |a qbu |b qbu |c D4 |d 2014-12-27 |g 20000 |l 1 |o 428.3 CL311T |p 2503.c2 |r 2017-04-27 |s 2017-04-17 |w 2014-12-27 |y STK0 |0 0 |6 428_300000000000000_CL311T |0 0 |6 428_300000000000000_CL311T | ||